Country By Motto Quiz Stats

Quiz not verified by Sporcle

Challenge
Share
Tweet
Embed
Score 0/22 Timer 05:00
0 Plays Today
Motto Country % Correct
Out of many, oneUnited States Of America
90.5%
From sea to seaCanada
82.8%
Liberty, equality, fraternityFrance
78.7%
God and my rightUnited Kingdom
78.7%
Order and progressBrazil
72.8%
All the world under one roofJapan
66.9%
Allah is GreatIraq
56.8%
Everything for - - - - - -Norway
46.7%
With the TimesSweden
46.7%
God's help, the love of the people, - - - - - - -'s strengthDenmark
46.2%
Freedom or DeathGreece
44.4%
Motto Country % Correct
Let's work togetherKenya
38.5%
Independence, Liberty and HappinessVietnam
33.7%
Unity, Faith, DisciplinePakistan
30.8%
Unity makes strengthHaiti
26%
Positively surprisingEstonia
23.7%
One - - - - - -, One countryZambia
20.7%
One people, one goal, one faithMali
19.5%
All in oneRomania
18.3%
- - - - - - for the AlmightyTuvalu
17.8%
Country of the FiresAzerbaijan
14.2%
Peace, Rain, ProsperityLesotho
14.2%

You're not logged in!

Compare scores with friends on all Sporcle quizzes.
Sign Up with Email
OR
Log In

You Might Also Like...

Show Comments

Extras

Top Quizzes Today


Score Distribution

Your Account Isn't Verified!

In order to create a playlist on Sporcle, you need to verify the email address you used during registration. Go to your Sporcle Settings to finish the process.